Statistics for Andrew Stanton Filmography

Click here to take the quiz!

General Stats

  • This quiz has been taken 4 times
  • The average score is 16 of 26

Answer Stats

HintAnswer% Correct
1998A Bug's Life
100%
2003Finding Nemo
100%
2004The Incredibles
100%
1995Toy Story
100%
1999Toy Story 2
100%
2008Wall-E
100%
2012Brave
75%
2006Cars
75%
2016Finding Dory
75%
2015Inside Out
75%
2001Monsters Inc.
75%
2007Ratatouille
75%
2015The Good Dinosaur
75%
2018The Incredibles 2
75%
2010Toy Story 3
75%
2019Toy Story 4
75%
2009Up
75%
2019Frozen II
25%
2012John Carter
25%
2013Monsters University
25%
2018Ralph Breaks the Internet
25%
2010The Sorcerer's Apprentice
25%
2000Buzz Lightyear of Star Command: The Adventure Begins
0%
1989Honey, I Shrunk the Kids
0%
1989Hound Town
0%
2019Spies in Disguise
0%

Score Distribution

Percentile by Number Answered

Percent of People with Each Score

Your Score History

You have not taken this quiz